Top 10 Most Streamed - Tyler, The Creator - Statistics

General Stats
  • This quiz has been taken 30 times
  • The average score is 7 of 10
Answer Stats
Amount Of Streams Album Song % Correct
757,729,706 IGOR ARE WE STILL FRIENDS?
93%
2,601,874,238 Flower Boy See You Again
89%
1,256,094,384 IGOR EARFQUAKE
86%
585,583,950 CHROMAKOPIA Like Him
82%
684,187,380 Goblin She
82%
832,114,376 IGOR NEW MAGIC WAND
75%
535,350,688 IGOR GONE, GONE / THANK YOU
64%
853,299,304 Isolation After The Storm
54%
770,163,038 (Single) BEST INTEREST
54%
436,892,894 Flower Boy 911 / Mr. Lonely
50%
No matching quizzes found
Score Distribution
Percent of People with Each Score
Percentile by Number Answered
Your Score History
You have not taken this quiz